000 01191nam a2200277 a 4500
999 _c379756
_d379756
003 BLK
005 20250128005508.0
008 200806b bu ||||| |||| 00| 0 bu d
040 _aBLK
041 _aBUL
_cBUL
080 _aМеждународни политически отношения. Световна политика. Международна политика. Дипломация
_b327
_x(4-13)
_z327(4-13)
100 1 _aИлийски, Димитър
_eПърви автор
_972765
139 _aИлийски, Димитър
245 1 0 _aБалканите и Средиземноморието - зона на мира
_cДимитър Илийски.
257 _aBGR
260 _aСофия
_bНС ОФ
_c1964
300 _a36 с.
_c18 см
380 _a3
500 _aАвт. посочен в библиогр. каре. - 5 000 тир.
650 4 _aБалкански полуостров
_9424278
650 4 _aСредиземноморски въпрос
_9424279
650 7 _aБългария - външна политика
_2
_9149489
852 _aЦб I 7302
_bЦб
942 _cKNG
_n0
_2udc
_s1
944 _k
_lCRON CRON